Fundamentos de la teoría de los colores

Guardat en:
Dades bibliogràfiques
Autor principal: Küppers, Harald (autor)
Altres autors: Faber-Kaiser, Michael (versión castellana)
Format: Llibre
Idioma:espanyol
Publicat: Barcelona, España: Gustavo Gili, 1980.
Edició:1a. edición.
Col·lecció:Colección GG Diseño.
Matèries:
Etiquetes: Afegir etiqueta
Sense etiquetes, Sigues el primer a etiquetar aquest registre!

MARC

LEADER 00000nam a2200000 a 4500
001 UCV7759
003 CL-VaPUC
005 20250407202458.0
008 890802t19800000SP |||||||||||||||||spa|d
999 |c 447524  |d 447522 
020 |a 84-252-2034-3 
040 |c Pontificia Universidad Católica de Valparaíso 
082 0 4 |a 752 KUP 1980  |2 21 
100 |a Küppers, Harald  |e autor  |9 528637 
245 1 0 |a Fundamentos de la teoría de los colores 
250 |a 1a. edición. 
260 |a Barcelona, España:  |b Gustavo Gili,  |c 1980. 
300 |a 204 páginas:  |b ilustraciones. 
490 |a Colección GG Diseño. 
500 |a c.1-c.3. Instituto Arcos.08-01-2025. 
583 |a last modification  |c 19890802 00:00:00  |k Gabriela Rodríguez Cuevas 
650 0 |9 269038  |a Color en el arte 
650 0 |9 897275  |a Color en el diseño 
650 0 |9 362520  |a Colorimetría  
700 |9 897291  |a Faber-Kaiser, Michael  |e versión castellana 
942 |c BK  |2 ddc  |n 0 
945 |d 19890802 00:00:00 
952 |0 0  |1 0  |2 ddc  |4 0  |6 752_000000000000000_KUP_1980  |7 0  |8 A  |9 601666  |a BIBINC  |b BIBINC  |d 2025-03-20  |e Instituto Arcos  |i 5666536  |o 752 KUP 1980  |p 5666536  |r 2025-03-20  |t 1  |w 2025-03-20  |y BK  |k IFP 
952 |0 0  |1 0  |2 ddc  |4 0  |6 752_000000000000000_KUP_1980  |7 0  |8 A  |9 601667  |a BIBINC  |b BIBINC  |d 2025-03-20  |e Instituto Arcos  |i 5666537  |o 752 KUP 1980  |p 5666537  |r 2025-03-20  |t 2  |w 2025-03-20  |y BK  |k IFP 
952 |0 0  |1 0  |2 ddc  |4 0  |6 752_000000000000000_KUP_1980  |7 0  |8 A  |9 601668  |a BIBINC  |b BIBINC  |d 2025-03-20  |e Instituto Arcos  |i 5666538  |o 752 KUP 1980  |p 5666538  |r 2025-03-20  |t 3  |w 2025-03-20  |y BK  |k IFP